| 000 -ლიდერი |
| ფიქსირებული სიგრძის საკონტროლო ველი |
01046nam a2200229Ia 4500 |
| 001 - საკონტროლო ნომერი |
| საკონტროლო ველი |
6780 |
| 003 - საკონტროლო ნომრის იდენტიფიკატორი |
| საკონტროლო ველი |
GE_BSU |
| 005 - ბოლო ოპერაციის თარიღი და დრო |
| საკონტროლო ველი |
20200213141636.0 |
| 008 - ფიქსირებული სიგრძის მონაცემთა ელემენტები - ზოგადი ინფორმაცია |
| ფიქსირებული სიგრძის საკონტროლო ველი |
181216s1966||||g |||||||||||||| ||geo|| |
| 040 ## - კატალოგიზაციის წყარო |
| Transcribing agency |
GE_BSU |
| 041 ## - ენის კოდი |
| Language code of text/sound track or separate title |
geo |
| 080 ## - უნივერსალური ათობითი კლასიფიკაციის ინდექსი |
| Universal Decimal Classification number |
821.353.1-91-1 გ-61 |
| 245 ## - ცნობა სათაურის შესახებ |
| Title |
გოგოვ, შეჩერდი ერთ წამა : |
| Remainder of title |
ქართული ხალხური სატრფიალო პოეზია : ლექსები და შაირები / |
| Statement of responsibility, etc |
შეადგინა აპოლონ ცანავამ ; რედ. გ. ხორნაული. |
| 264 ## - წარმოების, გამოცემის, დისტრიბუციის და სხვა ცნობები |
| გამოცემის, წარმოების, დისტრიბუციის... ადგილი |
თბილისი : |
| გამოცემის, წარმოების, დისტრიბუციის... სახელწოდება |
ნაკადული, |
| გამოცემის, წარმოების, დისტრიბუციის... თარიღი |
1966. |
| 300 ## - ფიზიკური აღწერა |
| Extent |
129 გვ. : |
| Other physical details |
ილ. ; |
| Dimensions |
17 სმ. |
| 653 ## - INDEX TERM--UNCONTROLLED |
| Uncontrolled term |
გოგოვ, შეჩერდი ერთ წამა |
| 653 ## - INDEX TERM--UNCONTROLLED |
| Uncontrolled term |
სატრფიალო პოეზია |
| 653 ## - INDEX TERM--UNCONTROLLED |
| Uncontrolled term |
ლექსები |
| 653 ## - INDEX TERM--UNCONTROLLED |
| Uncontrolled term |
შაირები |
| 700 ## - ADDED ENTRY--PERSONAL NAME |
| Personal name |
ხორნაული, გ. |
| Relator term |
რედაქტორი |
| 9 (RLIN) |
5576 |
| 942 ## - ADDED ENTRY ELEMENTS (KOHA) |
| Koha item type |
წიგნი |
| Source of classification or shelving scheme |
|